000 00608nam a2200229Ia 4500
003 OSt
005 20230410145538.0
008 210423s2018 xx 000 0 und d
020 _a978-93-86800-66-4
040 _cAL
041 _aeng
082 _a664.07
_223
_bPOMF
100 _aPOMERANZ (Yeshajahu);MELOAN (Clifton E)
_985473
245 _aFood analysis: theory and practice Ed 4
250 _a4
260 _aNew Delhi
_bMed Tech
_c2018
300 _ax,709
_bPB
365 _b695
_cINR
650 _aFood Technology
_985474
906 _aanalysis: ; Food ; practice ; theory
942 _2ddc
_cBK
999 _c169545
_d169545